Statistics for Splatoon 3 Weapon Kits

Click here to take the quiz!

General Stats

  • This quiz has been taken 150 times
    (58 since last reset)
  • The average score is 103 of 182

Answer Stats

ClassWeaponSub & Special% Correct
ShooterSplattershot Jr.Splat Bomb
85%
ShooterBig Bubbler
79%
ShooterTrizooka
74%
ShooterUltra Stamp
74%
ShooterBooyah Bomb
72%
ShooterReefslider
72%
ShooterSploosh-o-maticCurling Bomb
70%
ShooterAerospray RGSprinkler
70%
ShooterSuper Chump
70%
RollerBig Bubbler
68%
ShooterBooyah Bomb
68%
DualiesCrab Tank
68%
RollerKraken Royale
68%
ShooterTentatek SplattershotSplat Bomb
68%
ShooterHero Shot ReplicaSuction Bomb
68%
ShooterTriple Inkstrike
68%
ShooterTriple Inkstrike
68%
ShooterTrizooka
68%
ShooterSplash-o-maticBurst Bomb
66%
ChargerSplatterscopeSplat Bomb
66%
ShooterSplattershotSuction Bomb
66%
ShooterNeo Splash-o-maticSuction Bomb
66%
ShooterTacticooler
66%
ShooterCustom Splattershot Jr.Torpedo
66%
RollerCarbon Roller DecoBurst Bomb
64%
ShooterCrab Tank
64%
RollerSplat RollerCurling Bomb
64%
ShooterAerospray MGFizzy Bomb
64%
SlosherInk Storm
64%
ChargerInk Vac
64%
ChargerInk Vac
64%
ShooterInk Vac
64%
ShooterKiller Wail 5.1
64%
Shooter.52 GalSplash Wall
64%
ChargerSplat ChargerSplat Bomb
64%
RollerTrizooka
64%
ShooterWave Breaker
64%
ChargerWave Breaker
64%
ChargerWave Breaker
64%
ShooterSplattershot ProAngle Shooter
62%
SlosherBooyah Bomb
62%
ShooterCrab Tank
62%
ShooterInkjet
62%
ChargerE-liter 4K ScopeInk Mine
62%
ChargerE-liter 4KInk Mine
62%
SplatlingInk Storm
62%
ShooterKiller Wail 5.1
62%
ShooterKraken Royale
62%
BrellaReefslider
62%
ChargerZ + F Splat ChargerSplash Wall
62%
ChargerZ + F SplatterscopeSplash Wall
62%
Shooter.96 Gal DecoSplash Wall
62%
ShooterNeo Sploosh-o-maticSquid Beakon
62%
ShooterN-ZAP '85Suction Bomb
62%
ChargerTriple Inkstrike
62%
SlosherTriple Inkstrike
62%
RollerZipcaster
62%
ShooterJet SquelcherAngle Shooter
60%
ShooterN-ZAP '89Autobomb
60%
SplatlingBig Bubbler
60%
SlosherSloshing MachineFizzy Bomb
60%
ShooterInk Vac
60%
DualiesReefslider
60%
SlosherSlosherSplat Bomb
60%
BrushInkbrushSplat Bomb
60%
RollerKrak-On Splat RollerSquid Beakon
60%
DualiesSplat DualiesSuction Bomb
60%
ChargerTacticooler
60%
ChargerTenta Missiles
60%
RollerTenta Missiles
60%
ChargerTriple Inkstrike
60%
ShooterTrizooka
60%
SplatlingUltra Stamp
60%
DualiesWave Breaker
60%
SlosherZipcaster
60%
ChargerBig Bubbler
57%
DualiesBooyah Bomb
57%
SplatlingBooyah Bomb
57%
SlosherInkjet
57%
SplatlingInkjet
57%
BrellaUndercover BrellaInk Mine
57%
SlosherInk Storm
57%
RollerInk Vac
57%
ChargerSquifferPoint Sensor
57%
DualiesReefslider
57%
DualiesGlooga DualiesSplash Wall
57%
DualiesDualie SquelchersSplat Bomb
57%
SlosherBloblobberSprinkler
57%
RollerDynamo RollerSprinkler
57%
ShooterForge Splattershot ProSuction Bomb
57%
SlosherTacticooler
57%
RollerTacticooler
57%
SplatanaTenta Missiles
57%
SplatanaSplatana WiperTorpedo
57%
SlosherTri-SlosherToxic Mist
57%
BlasterTrizooka
57%
SplatanaUltra Stamp
57%
BrushZipcaster
57%
SplatlingMini SplatlingBurst Bomb
55%
RollerInk Storm
55%
ShooterInk Storm
55%
BrushKiller Wail 5.1
55%
SplatlingKraken Royale
55%
ShooterSplattershot NovaPoint Sensor
55%
RollerBig Swig RollerSplash Wall
55%
SplatlingHeavy SplatlingSprinkler
55%
ChargerSnipewriter 5HSprinkler
55%
BrushOctobrushSuction Bomb
55%
StringerTenta Missiles
55%
BrellaTrizooka
55%
SplatlingWave Breaker
55%
DualiesZipcaster
55%
BlasterZipcaster
55%
RollerCarbon RollerAutobomb
53%
BlasterBig Bubbler
53%
RollerFlingza RollerInk Mine
53%
BrellaTenta Sorella BrellaInk Mine
53%
StringerKiller Wail 5.1
53%
SplatlingNautilus 47Point Sensor
53%
ShooterSqueezerSplash Wall
53%
BlasterClash BlasterSplat Bomb
53%
BlasterLuna BlasterSplat Bomb
53%
Shooter.96 GalSprinkler
53%
DualiesDapple DualiesSquid Beakon
53%
DualiesSuper Chump
53%
BlasterSuper Chump
53%
DualiesTacticooler
53%
DualiesDapple Dualies NouveauTorpedo
53%
SplatlingZink Mini SplatlingToxic Mist
53%
BlasterWave Breaker
53%
SlosherSlosher DecoAngle Shooter
51%
RollerBig Swig Roller ExpressAngle Shooter
51%
SplatanaSplatana StamperBurst Bomb
51%
SlosherTri-Slosher NouveauFizzy Bomb
51%
SplatlingBallpoint SplatlingFizzy Bomb
51%
BrellaInk Vac
51%
ShooterKiller Wail 5.1
51%
ChargerKiller Wail 5.1
51%
SlosherExplosherPoint Sensor
51%
BlasterReefslider
51%
BlasterS-BLAST '92Sprinkler
51%
ChargerGoo TuberTorpedo
51%
StringerTri-StringerToxic Mist
51%
ShooterCustom Jet SquelcherToxic Mist
51%
BrushWave Breaker
51%
SplatanaZipcaster
51%
ChargerBamboozler 14 MK IAutobomb
49%
SplatlingHydra SplatlingAutobomb
49%
DualiesDark Tetra DualiesAutobomb
49%
BlasterBlasterAutobomb
49%
BrushPainbrushCurling Bomb
49%
BlasterInkjet
49%
ShooterAnnaki Splattershot NovaInk Mine
49%
BrushInkbrush NouveauInk Mine
49%
DualiesLight Tetra DualiesSprinkler
49%
BlasterRange BlasterSuction Bomb
49%
ShooterTacticooler
49%
BrellaTriple Inkstrike
49%
ShooterUltra Stamp
49%
BlasterUltra Stamp
49%
ShooterL-3 Nozzlenose DBurst Bomb
47%
StringerREEF-LUX 450Curling Bomb
47%
SplatlingHeavy Splatling DecoPoint Sensor
47%
DualiesCustom Dualie SquelchersSquid Beakon
47%
BlasterRapid Blaster DecoTorpedo
47%
BrushUltra Stamp
47%
ShooterBig Bubbler
45%
ShooterCrab Tank
45%
BlasterClash Blaster NeoCurling Bomb
45%
ShooterH-3 Nozzlenose DSplash Wall
45%
BrellaSplat BrellaSprinkler
45%
SplatanaSplatana Wiper DecoSquid Beakon
45%
BlasterLuna Blaster NeoFizzy Bomb
43%
ShooterH-3 NozzlenosePoint Sensor
43%
BrellaTenta BrellaSquid Beakon
43%
BlasterRapid Blaster Pro DecoAngle Shooter
40%
ShooterL-3 NozzlenoseCurling Bomb
40%
BlasterRapid BlasterInk Mine
40%
BlasterInk Vac
40%
BlasterKiller Wail 5.1
40%
BlasterTriple Inkstrike
40%
BlasterRapid Blaster ProToxic Mist
34%

Score Distribution

Percentile by Number Answered

Percent of People with Each Score

Your Score History

You have not taken this quiz since the last reset